Toward Pentecostal unity. (Record no. 13657)

000 -LEADER
fixed length control field 00772nam a2200205 a 4500
001 - CONTROL NUMBER
control field :::00011480$&:&@@
003 - CONTROL NUMBER IDENTIFIER
control field OkBaRHE
005 - DATE AND TIME OF LATEST TRANSACTION
control field 20000607103409.0
008 - FIXED-LENGTH DATA ELEMENTS--GENERAL INFORMATION
fixed length control field s1961 j 000 0 eng u
040 ## - CATALOGING SOURCE
Transcribing agency
100 1# - MAIN ENTRY--PERSONAL NAME
Personal name Gee, Donald.
245 10 - TITLE STATEMENT
Title Toward Pentecostal unity.
260 ## - PUBLICATION, DISTRIBUTION, ETC. (IMPRINT)
Place of publication, distribution, etc Springfield, MO., :
Name of publisher, distributor, etc Gospel Publishing House
Date of publication, distribution, etc c1961
300 ## - PHYSICAL DESCRIPTION
Extent 61 p. ;
Dimensions 19 cm.
650 ## - SUBJECT ADDED ENTRY--TOPICAL TERM
Topical term or geographic name as entry element Pentecostalism and Christian Union
700 ## - ADDED ENTRY--PERSONAL NAME
Personal name Gee, Donald. All with one accord.
942 ## - ADDED ENTRY ELEMENTS (KOHA)
Source of classification or shelving scheme
Koha item type Books
Copies
Koha item type Price effective from Date last seen Not for loan Withdrawn status Full call number Shelving location Copy number Date acquired Current Location Damaged status Barcode Permanent Location Lost status Source of classification or shelving scheme
Books2010-04-142010-04-14  BX 9.5 .P45General Stacks12010-04-14RHEMA Bible Training College 11480RHEMA Bible Training College  
Books2010-04-142010-04-14  BX 9.5 .P45General Stacks22010-04-14RHEMA Bible Training College 16851RHEMA Bible Training College